[Event "GRE-chT 45th"]
[Site "Achaia"]
[Date "2017.07.05"]
[Round "4.14"]
[White "Tzolas, Georgios"]
[Black "Palaskos, Marios"]
[Result "1/2-1/2"]
[WhiteElo "2015"]
[BlackElo "1756"]
[PlyCount "58"]
[EventDate "2017.07.03"]
[EventType "team-swiss"]
[EventRounds "7"]
[EventCountry "GRE"]
[SourceTitle "CBM 179 Extra"]
[Source "ChessBase"]
[SourceDate "2017.08.23"]
[SourceVersion "1"]
[SourceVersionDate "2017.08.23"]
[SourceQuality "1"]
[WhiteTeam "Patron Sailing"]
[BlackTeam "Triandrias PG"]
[WhiteTeamCountry "GRE"]
[BlackTeamCountry "GRE"]

1. d4 Nf6 2. Nf3 e6 3. c4 Bb4+ 4. Bd2 Qe7 5. a3 Bxd2+ 6. Qxd2 0-0 7. Nc3 d6 8. g3 e5 9. Bg2 Nc6 10. d5 Na5 11. Qc2 Nxc4 12. 0-0 c6 13. dxc6 bxc6 14. Ne4 d5 15. Nxf6+ Qxf6 16. e4 Rb8 17. b3 Na5 18. exd5 Nxb3 19. Rad1 cxd5 20. Rxd5 Nd4 21. Nxd4 exd4 22. Qc5 d3 23. Rxd3 Ba6 24. Rf3 Qb6 25. Qxb6 Rxb6 26. Re1 Bc4 27. Rc3 Be6 28. Bf3 g6 29. Kg2 Rd8 1/2-1/2

[Event "GRE-chT 37th"]
[Site "Kallithea"]
[Date "2009.07.05"]
[Round "3"]
[White "Tzolas, Georgios"]
[Black "Markidis, Konstantinos"]
[Result "0-1"]
[WhiteElo "2139"]
[BlackElo "2334"]
[PlyCount "88"]
[EventDate "2009.07.03"]
[EventType "team-tourn"]
[EventRounds "9"]
[EventCountry "GRE"]
[SourceTitle "CBM 131 Extra"]
[Source "ChessBase"]
[SourceDate "2009.09.03"]
[SourceVersion "2"]
[SourceVersionDate "2009.09.16"]
[SourceQuality "1"]

1. d4 Nf6 2. Nf3 g6 3. Bg5 Bg7 4. Nbd2 0-0 5. e4 d6 6. c3 c5 7. dxc5 dxc5 8. Qc2 Nc6 9. Be2 Qc7 10. 0-0 h6 11. Bh4 Nh5 12. Rfe1 Bd7 13. Rad1 g5 14. Bg3 Nxg3 15. hxg3 Rad8 16. Nc4 b5 17. Ne3 Qa5 18. Nd2 c4 19. a3 Qb6 20. Ndf1 e6 21. Rd2 Na5 22. Red1 Qc7 23. Re1 Nb3 24. Rdd1 Nc5 25. Nd2 Bc6 26. Rf1 Qb7 27. Bf3 Rd3 28. Be2 Rd7 29. f3 Qb6 30. Ndxc4 bxc4 31. Nxc4 Qc7 32. Rxd7 Bxd7 33. f4 Ba4 34. Qb1 Qc6 35. e5 Qe4 36. Qxe4 Nxe4 37. Kh2 Rd8 38. Re1 Bf8 39. Bf3 Nd2 40. Ne3 Nxf3+ 41. gxf3 Rd2+ 42. Kh3 Rxb2 43. Ng4 Bg7 44. Re4 Bc6 0-1

[Event "GRE-chT 32nd"]
[Site "Kallithea"]
[Date "2003.07.09"]
[Round "6"]
[White "Tzolas, Georgios"]
[Black "Nikolaidis, Konstantinos"]
[Result "0-1"]
[WhiteElo "2157"]
[BlackElo "2315"]
[PlyCount "48"]
[EventDate "2003.07.04"]
[EventType "team-tourn"]
[EventRounds "9"]
[EventCountry "GRE"]
[SourceTitle "CBM 095 Extra"]
[Source "ChessBase"]
[SourceDate "2003.09.04"]
[SourceVersion "1"]
[SourceVersionDate "2003.09.04"]
[SourceQuality "1"]

1. e4 c5 2. Nf3 Nc6 3. Bb5 Qc7 4. 0-0 g6 5. c3 Nf6 6. Re1 a6 7. Ba4 Bg7 8. d4 cxd4 9. cxd4 0-0 10. Nc3 d6 11. h3 e6 12. Bf4 b5 13. Bb3 Na5 14. Rc1 Qe7 15. e5 Ne8 16. exd6 Nxd6 17. Nd5 Qd8 18. Bg5 f6 19. Nc7 fxg5 20. Nxa8 Nac4 21. Ne5 Bb7 22. Nxc4 bxc4 23. Bxc4 Nxc4 24. Rxc4 Qd5 0-1

[Event "Patras op"]
[Site "Patras"]
[Date "2002.08.02"]
[Round "3.16"]
[White "Sigouros, Michail"]
[Black "Tzolas, Georgios"]
[Result "0-1"]
[WhiteElo "1700"]
[BlackElo "2179"]
[PlyCount "106"]
[EventDate "2002.08.??"]
[EventType "swiss"]
[EventRounds "9"]
[EventCountry "GRE"]
[SourceTitle "CBM 089 Extra"]
[Source "ChessBase"]
[SourceDate "2002.09.10"]
[SourceVersion "2"]
[SourceVersionDate "2002.09.10"]
[SourceQuality "1"]

1. e4 c5 2. f4 Nc6 3. Nf3 g6 4. Nc3 Bg7 5. Be2 e6 6. 0-0 Nge7 7. d3 0-0 8. Be3 Nd4 9. Kh1 d5 10. Rb1 Nxf3 11. Bxc5 Nd4 12. e5 Ndc6 13. Qe1 b6 14. Bf2 Bb7 15. d4 Nf5 16. Rd1 h5 17. g4 hxg4 18. Bxg4 Nce7 19. h4 Kh7 20. Kg2 Rh8 21. Rh1 Kg8 22. h5 Qd7 23. hxg6 fxg6 24. Bh4 Nxh4+ 25. Rxh4 Kf7 26. Rxh8 Rxh8 27. Qf1 Nf5 28. Bxf5 gxf5 29. Nb5 Bf8 30. Nc3 Ke8 31. Rd2 Bb4 32. Kf3 Bxc3 33. bxc3 Qc6 34. Rd3 Ba6 35. Qg2 Bxd3 36. Qg6+ Kd8 37. Qf6+ Kc7 38. Qg7+ Qd7 39. Qxh8 Bxc2 40. Qa8 Be4+ 41. Ke3 a5 42. Qa7+ Kc6 43. Qa8+ Kb5 44. Qb8 Qc6 45. Ke2 Ka4 46. Qd6 Qb5+ 47. Ke1 Bf3 48. c4 Qxc4 49. Kd2 Qxd4+ 50. Kc2 Qd1+ 51. Kc3 d4+ 52. Qxd4+ Qxd4+ 53. Kxd4 Bd5 0-1

[Event "Patras op"]
[Site "Patras"]
[Date "2002.08.02"]
[Round "2.18"]
[White "Tzolas, Georgios"]
[Black "Stoumbou, Eleni"]
[Result "0-1"]
[WhiteElo "2179"]
[BlackElo "1815"]
[PlyCount "116"]
[EventDate "2002.08.??"]
[EventType "swiss"]
[EventRounds "9"]
[EventCountry "GRE"]
[SourceTitle "CBM 089 Extra"]
[Source "ChessBase"]
[SourceDate "2002.09.10"]
[SourceVersion "2"]
[SourceVersionDate "2002.09.10"]
[SourceQuality "1"]

1. d4 Nf6 2. c4 g6 3. Nc3 Bg7 4. Nf3 0-0 5. Bg5 d6 6. e3 c5 7. d5 Bd7 8. Be2 Na6 9. 0-0 Nc7 10. e4 h6 11. Bh4 a6 12. a4 Rb8 13. a5 b5 14. axb6 Rxb6 15. Qc2 Ng4 16. h3 Ne5 17. Nxe5 Bxe5 18. f4 Bg7 19. Bd3 f5 20. Rae1 Rf7 21. e5 Be8 22. Re2 dxe5 23. fxe5 Qd7 24. e6 Nxe6 25. dxe6 Rxe6 26. Rxe6 Qxe6 27. Re1 Qd6 28. Qe2 e5 29. Bg3 Qd4+ 30. Bf2 Qd6 31. Rd1 Qc6 32. Qe3 e4 33. Bf1 Bf8 34. Nd5 Rb7 35. Qa3 g5 36. Be1 Bf7 37. Bc3 Bg7 38. Bxg7 Kxg7 39. Qc3+ Kg6 40. Qe5 Qe6 41. Qg3 Kh7 42. Nc7 Qc6 43. Nd5 Bh5 44. Rb1 f4 45. Qc3 Rf7 46. Qe5 Bg6 47. Ne7 Qf6 48. Nxg6 Qxg6 49. Re1 e3 50. Rd1 Qf6 51. Qxf6 Rxf6 52. Be2 Rb6 53. Rb1 a5 54. Bf3 Kg6 55. Kf1 h5 56. Ke2 Kf5 57. Kd3 g4 58. hxg4+ hxg4 0-1